| 000 | 00821nam a2200241Ia 4500 | ||
|---|---|---|---|
| 003 | OSt | ||
| 005 | 20220923223354.0 | ||
| 006 | a|||||r|||| 00| 0 | ||
| 007 | ta | ||
| 008 | 220922b |||||||| |||| 00| 0 hin d | ||
| 024 | _a214,153 | ||
| 037 | _cTextual | ||
| 040 |
_aARTS _cARTS _bhin |
||
| 041 |
_2hin _ahin |
||
| 082 | _aV2:1944Q73.P, 152P3 | ||
| 100 | _aदीक्षित, जे एन | ||
| 245 | 0 |
_aभारत पाक संबंध _b युद्ध और शंाति में |
|
| 246 | _aBhārat pāk sanbandha: yuddha aur shanāti mean | ||
| 260 |
_aदिल्ली _b प्रभात प्रकाशन _c2003 |
||
| 300 |
_a534 पृ. _ccm. |
||
| 942 |
_hV2:1944Q73.P, 152P3 _cTEXL _2CC |
||
| 999 |
_c364251 _d364251 |
||